Sa ri ga ma pa dha ni sa

Saved in:
Bibliographic Details
Main Author: Rajeswari, S.
Format: Audio
Language:Multiple
Published: Calcutta : RPG Music, p1995.
Series:Basic lessons in Carnatic music.
Subjects:
Tags: Add Tag
No Tags, Be the first to tag this record!
LEADER 01945njm a2200373 a 4500
001 008563266-X
005 20020606104010.5
008 010208s1995 ii zznn f | mul d
028 0 2 |a CDNF 147849  |b RPG Music 
028 0 2 |a CDNF 147850  |b RPG Music 
028 0 2 |a CDNF 147851  |b RPG Music 
028 0 2 |a CDNF 147852  |b RPG Music 
028 0 2 |a CDNF 147853  |b RPG Music 
028 0 2 |a CDNF 147854  |b RPG Music 
028 0 2 |a CDNF 147855  |b RPG Music 
035 0 |a ocm47645361 
040 |a MH-Mu  |c MH-Mu 
100 1 |a Rajeswari, S. 
245 1 0 |a Sa ri ga ma pa dha ni sa  |h [sound recording] /  |c S. Rajeswari. 
246 3 |a Basic lessons in Carnatic music 
260 |a Calcutta :  |b RPG Music,  |c p1995. 
300 |a 7 sound discs  |b digital ;  |c 4 3/4 in. 
490 1 |a Basic lessons in Carnatic music 
511 0 |a S. Rajeswari, vocals ; with students. 
500 |a With explanatory comments in English. 
500 |a Brief biographical notes on back of containers. 
505 0 |a Vol. 1. Sarali varisai : [Raga] Mayamalavaowla, adi -- Vol. 2. Hechchusthayi varisai, janta varisai, thattu varisai : [Raga] Mayamalavagowla -- Vol. 3. Alankara (talas) : [Raga] Mayamalavagowla - dhruva, matya, rupaka, jampa, jampa triputa, ata, eka and akara saadhaka -- Vol. 4. Explanation of geetham sri gananatha : [Raga] Chatusrajathi, rupakam ; Padumanabha : [Raga] Malahari, tisraathi triputa ; Varaveena : [Raga] Mohanam, chatusrajati rupakam -- Vol. 5. Geetham kamalajathala : [Raga] Kalyani, tisrajathi triputa ; Jathiswaram : [Raga] Hamsadhwani, adi ; Swarajathi : [Raga] Bilahari, adi -- Vol. 6. Sami ninne (varnam) : [Raga] Sankarabharanam, adi / Veena Kuppaiyer -- Vol. 7. Ninnukori (varnam) : [Raga] Mohanam, adi / Ramanathapuram Srinivasa Iyengar. 
546 |a Sung in Telugu, Kannada, Sanskrit. 
650 0 |a Ragas. 
650 0 |a Carnatic music. 
650 0 |a Music  |z India. 
830 0 |a Basic lessons in Carnatic music. 
988 |a 20020608 
906 |0 MH